Mechanisms in modern engineering design A handbook for engineers, designers and inventors Vol.1: Lever mechanisms

Saved in:
Bibliographic Details
Main Author: Artobolevsky, Ivan I.
Format: Book
Language:English
Published: Moscow Mir Publishers 1975
Subjects:
Tags: Add Tag
No Tags, Be the first to tag this record!
Institutions: Trung tâm Học liệu Lê Vũ Hùng, Trường Đại học Đồng Tháp
LEADER 00916pam a22002298a 4500
001 00024017
005 20171026081023.0
008 110711s1975 ||||||engsd
041 0 # |a eng 
082 1 # |a 621.8  |b M200C 
100 1 # |a Artobolevsky, Ivan I. 
245 1 0 |a Mechanisms in modern engineering design  |b A handbook for engineers, designers and inventors  |c Ivan J. Artobolevsky;Transl. from the Russian by Nicholas Weinstein  |n Vol.1: Lever mechanisms 
260 # # |a Moscow  |b Mir Publishers  |c 1975 
300 # # |a 630 p.  |c 21 cm. 
650 |a Machinery 
653 # # |a Mechanical movements 
653 # # |a Máy móc 
852 # # |b Kho mượn  |j KM.0006948, KM.0006950, KM.0006951, KM.0006952 
852 # # |b Kho đọc  |j KD.0008569 
852 # # |j KD.0008569  |j KM.0006952  |j KM.0006950  |j KM.0006951  |j KM.0006948 
910 # # |a Ntuyet  |d 11/07/2011 
980 # # |a Trung tâm Học liệu Lê Vũ Hùng, Trường Đại học Đồng Tháp